Statistiken für Alle Pokémon mit "G"

Klicken Sie hier um das Quiz zu spielen!

Allgemein

  • Dieses Quiz wurde 55 mal gespielt
  • Das Durchschnittsergebnis liegt bei 24 aus 54

Antwortstatistiken

TypPokémon% Korrekt
Feuer 🔥Glumanda
84%
Feuer / FlugGlurak
84%
Feuer 🔥Glutexo
84%
Geist / GiftGengar
79%
Gestein / BodenGeorok
68%
Geist / DracheGiratina
68%
Psycho / FeeGuardevoir
68%
Gestein / BodenGeowaz
63%
Pflanze 🌿Gewaldro
63%
Boden 🏜Groudon
63%
Wasser / FlugGarados
58%
Pflanze / GiftGiflor
58%
Gift / KampfGlibunkel
58%
Stahl / GeistGramokles
58%
Psycho / KampfGalagladi
53%
Eis ❄Gelatini
53%
Normal / PsychoGirafarig
53%
Eis ❄Glaziola
53%
Gift / FlugGolbat
53%
Wasser 💧Goldini
53%
Wasser 💧Golking
53%
Pflanze 🌿Geckarbor
47%
Normal ✳Geradaks
47%
Unlicht / StahlGladiantri
47%
Boden /GeistGolbit
47%
Wasser / GesteinGalapaflos
42%
Feuer 🔥Gallopa
42%
Käfer / WasserGehweiher
42%
Eis ❄Gelatroppo
42%
Eis ❄Gelatwino
42%
Boden / GeistGolgantes
42%
Psycho 🧠Groink
42%
Drache / GeistGrolldra
42%
Boden / UnlichtGanovil
37%
Unlicht / StahlGladimperio
37%
Fee 🧚🏼‍♂️Granbull
37%
Drache / KampfGrandiras
37%
Normal / BodenGrebbit
37%
Unlicht / FlugGrypheldis
37%
Gift / WasserGarstella
32%
Wasser / BodenGastrodon
32%
Normal / FlugGeronimatz
32%
Geist 👻Gierspenst
32%
Normal ✳Griffel
32%
Geist 👻Gruff
32%
Fee / StahlGranforgita
26%
Wasser 💧Gufa
26%
Gestein ⛰Geosali
21%
Käfer / StahlGenesect
16%
Geist 👻Gorgasonn
16%
Pflanze 🌿Gortrom
16%
Feuer 🔥Grillchita
16%
Feuer 🔥Grillmak
16%
Unlicht 🌜Gaunux
11%

Verteilung der Resultate

Perzentil nach korrekt beantworteten Fragen

Anzahl Personen mit jedem Resultat

Ihre Resultats-Entwicklung

Sie haben dieses Quiz noch nicht gespielt